Focus sur: Balin - Tolkien - Statistiques

Statistiques générales
  • Ce quiz a été pris 52 fois
  • Le résultat moyen est 9 sur 12
Statistiques - réponses
Informations recherchées Réponses % Correct
Espèce Nain
100%
Couleur des cheveux Blanc
98%
Première apparition Le Hobbit
96%
Age durant lequel il vécut Troisième
96%
Groupe auquel il appartient Compagnie de Thorin
92%
Royaumes Erebor
90%
Moria
88%
Fonction/Profession Seigneur de la Moria
88%
Maison (lignée) Durin
75%
Frère Dwalin
73%
Père Fundin
38%
Acteur l'interprétant dans les films Ken Scott
15%
Aucun quiz correspondant
Distribution des résultats
% des personnes avec chaque résultat
Percentile par nombre de réponses
Votre historique - résultats
Vous n’avez pas pris ce quiz